| 000 | 00845 a2200217 4500 | ||
|---|---|---|---|
| 003 | Nust | ||
| 005 | 20221209090940.0 | ||
| 010 | _a 2001023488 | ||
| 020 | _a8120322290 | ||
| 040 | _cNust | ||
| 082 | 0 | 0 | _a621.382,SCH |
| 100 | 1 |
_aSchweber, William L. _997363 |
|
| 245 | 1 | 0 |
_aElectronic communication systems : (Include CD) _ba complete course / _cWilliam Schweber. |
| 250 | _a4th ed. | ||
| 260 |
_aUpple Saddle River, N.J. : _bPrentice Hall, _cc2002. |
||
| 300 |
_axii, 820 p. : _bill. ; _c27 cm. + _e1 CD-ROM (43/4 in) |
||
| 505 | _aSpectrum, Noise and Modulation (Page-1), Media Transmission Lines and Wave Propagation (Page-182), Digital Systems (Page-276), Communications Systems and Applications (Page-388), Broadband Systems (Page-678). | ||
| 650 | 0 | _aTelecommunication Engineering | |
| 651 |
_a(Include CD) _98953 |
||
| 942 |
_2ddc _cBK |
||
| 999 |
_c181592 _d181592 |
||